00656nam a2200193Ia 4500008004100000040001900041041001200060082002700072100001700099245012500116260003900241300002100280504001900301630004800320650003100368651001800399700002500417850002000442131103s9999 xx 000 0 und d aLoreto College aEnglish a808.3/JAMbLCLIB/17373 aJames, Henry aSelected Literary criticismcHenry James;edited by Morris Shapira; prefaced with a note on James as critic by F.R.Leavis aHarmoodsworthbPenguin Booksc1968 a400 p. c 20 cm. aIncludes index aRhetoric - Fiction - Criticism - Fiction -  aJames, Henry (1843 - 1916) aLiterature -  aShapira, Morris, ed. aLCLIB/808.3/JAM